Introducción al derecho / (Registro nro. 8401)

Detalles MARC
000 -LEADER
fixed length control field 00924nam a2200241Ia 4500
003 - CONTROL NUMBER IDENTIFIER
control field OSt
005 - DATE AND TIME OF LATEST TRANSACTION
control field 20210824151055.0
008 - FIXED-LENGTH DATA ELEMENTS--GENERAL INFORMATION
fixed length control field 210310s1986 ck fr 001 0 spa d
020 ## - INTERNATIONAL STANDARD BOOK NUMBER
International Standard Book Number 9586041727
040 ## - CATALOGING SOURCE
Original cataloging agency CO-JMCR
Transcribing agency CO-JMCR
041 0# - LANGUAGE CODE
Language code of text/sound track or separate title spa
082 04 - DEWEY DECIMAL CLASSIFICATION NUMBER
Classification number 340 /
Item number M753i
Edition number 23
100 1# - MAIN ENTRY--PERSONAL NAME
Personal name Monroy Cabra, Marco Gerardo,
9 (RLIN) 17163
Relator term autor
245 10 - TITLE STATEMENT
Title Introducción al derecho /
Statement of responsibility, etc. Marco Gerardo Monroy Cabra
250 ## - EDITION STATEMENT
Edition statement Séptima edición
260 ## - PUBLICATION, DISTRIBUTION, ETC.
Place of publication, distribution, etc. Bogotá :
Name of publisher, distributor, etc. Editorial Temis,
Date of publication, distribution, etc. 1986
300 ## - PHYSICAL DESCRIPTION
Extent xxiii, 472 páginas ;
Dimensions 24 cm.
500 ## - GENERAL NOTE
General note Incluye notas a pie de página e índice de materias y de autores.
505 0# - FORMATTED CONTENTS NOTE
Formatted contents note Nociones fundamentales del derecho -- Conceptos jurídicos fundamentales -- La técnica jurídica -- Teoría de los conflictos de leyes -- Teoría general del negocio jurídico
650 14 - SUBJECT ADDED ENTRY--TOPICAL TERM
Topical term or geographic name entry element Derecho
9 (RLIN) 17165
General subdivision Manuales
650 24 - SUBJECT ADDED ENTRY--TOPICAL TERM
Topical term or geographic name entry element Derecho
Form subdivision Filosofía
General subdivision Manuales
9 (RLIN) 39627
942 ## - ADDED ENTRY ELEMENTS (KOHA)
Source of classification or shelving scheme Dewey Decimal Classification
Koha item type Books
Existencias
Withdrawn status Lost status Source of classification or shelving scheme Damaged status Not for loan Collection code Home library Current library Date acquired Source of acquisition Full call number Barcode Date last seen Copy number Koha item type
    Dewey Decimal Classification     Non-fiction Biblioteca Pública José María del Castillo y Rada Biblioteca Pública José María del Castillo y Rada 04/15/2018 Donación 340 / M753i 430006368 05/16/2024 Ej.1 Books